| 000 | 00456nam a2200181 4500 | ||
|---|---|---|---|
| 003 | OSt | ||
| 008 | 241005b |||||||| |||| 00| 0 eng d | ||
| 020 | _a9789382808077 | ||
| 041 | _amal | ||
| 082 |
_a843 _bHUG/PA |
||
| 100 |
_aHugo, Victor _96297 |
||
| 245 |
_aPavangal : _bVol. 1 |
||
| 260 |
_aThiruvananthapuram : _bChintha Publishers, _c2023. |
||
| 300 | _a2 v. | ||
| 650 |
_aNovel _94288 |
||
| 700 |
_aSarathchandran - translator. _96286 |
||
| 942 | _cBK | ||
| 999 |
_c18121 _d18121 |
||